Stemmi Squadre di calcio - UEFA - Quiz n°24 - Statistics

Statistiche generali
  • Questo quiz è stato fatto 162 volte
  • Il punteggio medio è 9 su 10
Statistiche sulle risposte
con Immagini Risposta % Corretto
Arsenal Football Club
100%
Brighton & Hove Albion Football Club
98%
Associazione Calcio Reggiana 1919
97%
Unione Sportiva Cremonese
95%
Associazione Calcistica Perugia Calcio
94%
Montpellier Hérault Sport Club
94%
Notts County Football Club
88%
Norwich City Football Club
86%
Verein für Leibesübungen Wolfsburg
86%
Sport-Verein Werder von 1899
85%
Nessun quiz corrispondente trovato
Distribuzione punteggi
Percentuale di utenti per punteggio
Percentile per numero di risposta
I tuoi punteggi nel tempo
Non hai fatto questo quiz